Statistics for Ireland rugby union matches (2020 - …).

Click here to take the quiz!

General Stats

  • This quiz has been taken 135 times
    (26 since last reset)
  • The average score is 13 of 16

Answer Stats

Opponents% Correct
5Italy
100%
1South Africa
100%
1Tonga
100%
6England
96%
4France
96%
4New Zealand
96%
5Scotland
96%
5Wales
96%
1Australia
91%
1Fiji
91%
1Samoa
91%
1Argentina
87%
2Japan
78%
1United States
65%
1Georgia
57%
1Roumanie
9%

Score Distribution

Percentile by Number Answered

Percent of People with Each Score

Your Score History

You have not taken this quiz since the last reset